[Event "IND-ch Senior Open 2019"]
[Site "Mazitar"]
[Date "2019.12.18"]
[Round "10.5"]
[White "Mohammad Nubairshah Shaikh"]
[Black "Visakh N R"]
[Result "0-1"]
[WhiteElo "2421"]
[BlackElo "2516"]
[Annotator "ChessBase"]
[PlyCount "104"]
[EventDate "2018.12.08"]
[EventType "swiss"]
[EventCountry "IND"]
[SourceTitle "playchess.com"]
[Source "ChessBase"]
[SourceQuality "1"]
[TimeControl "40/5400+30:1800+30"]

1. c4 {[%emt 0:03:06]} e5 {[%emt 0:00:00]} 2. Nc3 {[%emt 0:00:04]} Nf6 {[%emt 0:00:37]} 3. Nf3 {[%emt 0:00:03]} Nc6 {[%emt 0:00:36]} 4. e3 {[%emt 0:00:02]} Bb4 {[%emt 0:05:27]} 5. Qc2 {[%emt 0:00:04]} Bxc3 {[%emt 0:03:04]} 6. bxc3 {[%emt 0:00:30]} e4 {[%emt 0:01:42]} 7. Nd4 {[%emt 0:01:56]} Ne5 {[%emt 0:01:45]} 8. f4 {[%emt 0:08:52]} exf3 {[%emt 0:01:51]} 9. Nxf3 {[%emt 0:00:06]} Nxf3+ {[%emt 0:01:27]} 10. gxf3 {[%emt 0:00:03]} O-O {[%emt 0:00:30]} 11. Rg1 {[%emt 0:00:30]} d5 {[%emt 0:13:30]} 12. Ba3 {[%emt 0:37:27]} Re8 {[%emt 0:00:26]} 13. O-O-O {[%emt 0:00:13]} c6 {[%emt 0:11:53]} 14. cxd5 {[%emt 0:04:02]} cxd5 {[%emt 0:02:35]} 15. Bc5 {[%emt 0:00:18]} Re6 {[%emt 0:05:01]} 16. Bd3 {[%emt 0:14:19]} Qa5 {[%emt 0:14:58]} 17. Bb4 {[%emt 0:22:11]} Qc7 {[%emt 0:02:21]} 18. Rg5 {[%emt 0:01:36]} Re5 {[%emt 0:05:36]} 19. Rg3 {[%emt 0:01:47]} g6 {[%emt 0:00:50]} 20. Rdg1 {[%emt 0:01:30]} Nh5 {[%emt 0:00:05]} 21. Rg5 {[%emt 0:00:06]} Ng7 {[%emt 0:04:52]} 22. f4 {[%emt 0:01:05]} Rxg5 {[%emt 0:00:08]} 23. Rxg5 {[%emt 0:00:01]} Be6 {[%emt 0:00:02]} 24. f5 {[%emt 0:00:57]} Qe5 {[%emt 0:00:01]} 25. h4 {[%emt 0:01:06]} Bxf5 {[%emt 0:00:26]} 26. Bxf5 {[%emt 0:00:30]} Nxf5 {[%emt 0:00:02]} 27. Qa4 {[%emt 0:00:27]} Qe4 {[%emt 0:01:55]} 28. Qd7 {[%emt 0:00:26]} b6 {[%emt 0:04:10]} 29. Qb7 {[%emt 0:00:30]} Re8 {[%emt 0:00:30]} 30. Qxa7 {[%emt 0:00:30]} h6 {[%emt 0:00:30]} 31. Rg1 {[%emt 0:00:36]} Nxe3 {[%emt 0:06:15]} 32. Qa4 {[%emt 0:00:01]} b5 {[%emt 0:01:14]} 33. Qb3 {[%emt 0:00:30]} Ng2 {[%emt 0:00:15]} 34. Bc5 {[%emt 0:00:35]} Nf4 {[%emt 0:00:20]} 35. Kd1 {[%emt 0:00:57]} Nh3 {[%emt 0:00:30]} 36. Qxb5 {[%emt 0:00:30]} Nxg1 {[%emt 0:00:30]} 37. Bxg1 {[%emt 0:00:01]} Ra8 {[%emt 0:01:45]} 38. Bd4 {[%emt 0:00:22]} Qh1+ {[%emt 0:01:08]} 39. Kc2 {[%emt 0:00:30]} Qe4+ {[%emt 0:00:30]} 40. Kd1 {[%emt 0:00:30]} h5 {[%emt 0:00:30]} 41. a4 {[%emt 0:02:04]} Qe8 {[%emt 0:04:02]} 42. Qxd5 {[%emt 0:16:38]} Qxa4+ {[%emt 0:00:30]} 43. Ke2 {[%emt 0:00:02]} Re8+ {[%emt 0:00:02]} 44. Kd3 {[%emt 0:00:09]} Qd1 {[%emt 0:01:14]} 45. c4 {[%emt 0:02:32]} Qb3+ {[%emt 0:07:07]} 46. Bc3 {[%emt 0:00:30]} Qb1+ {[%emt 0:00:30]} 47. Kd4 {[%emt 0:00:00]} Qe1 {[%emt 0:00:51]} 48. Kc5 {[%emt 0:01:24]} Qe7+ {[%emt 0:00:34]} 49. Kb5 {[%emt 0:01:30]} Rb8+ {[%emt 0:00:30]} 50. Ka4 {[%emt 0:00:30]} Qa7+ {[%emt 0:00:30]} 51. Ba5 {[%emt 0:00:30]} Qg1 {[%emt 0:00:30]} 52. Bc3 {[%emt 0:00:30]} Qb1 {[%emt 0:00:30]} 0-1

[Event "IND-ch Senior Open 2019"]
[Site "Mazitar"]
[Date "2019.12.19"]
[Round "11.1"]
[White "Shyaamnikhil P"]
[Black "Aravindh, Chithambaram VR."]
[Result "0-1"]
[WhiteElo "2455"]
[BlackElo "2605"]
[Annotator "TA"]
[PlyCount "34"]
[EventDate "2018.12.08"]
[EventType "swiss"]
[EventCountry "IND"]
[SourceTitle "playchess.com"]
[Source "ChessBase"]
[SourceQuality "1"]

{[%evp 16,72,-10,-18,-18,-29,-6,-17,-6,-51,-43,-104,-116,-136,-126,-136,-140,-132,-93,-104,-104,-143,-150,-156,-137,-147,-149,-179,-177,-176,-163,-140,-154,-162,-164,-175,-163,-162,-178,-293,-309,-301,-309,-300,-245,-337,-331,-320,-312,-520,-520,-494,-501,-595,-541,-836,-787,-668,-653]} 1. e4 e5 2. Nf3 Nc6 3. Bb5 a6 4. Ba4 Nf6 5. Qe2 b5 6. Bb3 Bc5 7. c3 d6 8. d3 h6 9. Nbd2 O-O {C77: Ruy Lopez: 3...a6 4 Ba4 Nf6, unusual lines} (9... Bb6 10. Nf1 Ne7 11. Ne3 Be6 12. Bxe6 fxe6 13. Bd2 Ng6 14. g3 O-O 15. O-O Qd7 16. Ng2 Rf7 17. Be3 Bxe3 18. Nxe3 {½-½ (41) Firman,N (2525)-Hansen,S (2543) Germany 2008}) 10. h3 a5 11. a4 b4 $1 {[%cal Bb5b4,Bb4c3][%mdl 32] The position is equal.} 12. Nh2 $146 ({Predecessor:} 12. Nf1 bxc3 13. bxc3 d5 14. Ng3 Ba6 15. Bc2 d4 16. c4 {1-0 (48) Laurusaite,B (1968)-Sciupokas,A Kaunas 2007}) 12... d5 13. Ng4 {[#]} ({Better is} 13. O-O $15) 13... bxc3 $1 $17 14. Nxf6+ Qxf6 15. bxc3 {[#]} d4 $1 16. c4 Ne7 17. Bd1 Qg6 {Played: Bc5-b4} 0-1

[Event "IND-ch Senior Open 2019"]
[Site "Mazitar"]
[Date "2019.12.19"]
[Round "11.2"]
[White "Himanshu, Sharma"]
[Black "Akash G"]
[Result "1/2-1/2"]
[WhiteElo "2392"]
[BlackElo "2431"]
[Annotator "TA"]
[PlyCount "60"]
[EventDate "2018.12.08"]
[EventType "swiss"]
[EventCountry "IND"]
[SourceTitle "playchess.com"]
[Source "ChessBase"]
[SourceQuality "1"]

{[%evp 9,60,14,14,14,30,17,19,0,33,0,0,-1,9,-21,-5,-15,-15,-18,-19,-17,0,0,0,0,0,0,0,0,0,0,0,-11,0,0,0,0,0,0,0,0,0,0,40,23,27,30,25,18,25,28,18,17,12]} 1. e4 c5 2. Nc3 $146 ({Predecessor:} 2. Ne2 Nf6 3. Nbc3 {½-½ (24) Barle,J (2415)-Babula,V (2554) Rijeka 2010}) 2... Nc6 {[%cal Bb8c6,Bc6d4,Bd4f3][%mdl 32]} 3. Nge2 Nf6 4. g3 d5 5. exd5 Nd4 {[%cal Rd4f3] [#]} 6. Bg2 {B23: Closed Sicilian: Lines without g3} Bg4 {White should prevent ...Nxd5!} 7. h3 Bf3 8. Bxf3 Nxf3+ 9. Kf1 Nd4 10. Kg2 Nxd5 11. Nxd4 cxd4 12. Nxd5 Qxd5+ 13. Qf3 Qxf3+ 14. Kxf3 Rc8 15. c3 g6 16. d3 dxc3 17. bxc3 Bg7 ({Don't go for} 17... Rxc3 $2 18. Bb2 $18) 18. Rb1 b6 ({Much worse is} 18... Rxc3 $6 19. Bb2 $16) 19. c4 Rc5 20. Rb3 Kd7 21. Ra3 Rc7 22. Ke2 Kc6 23. Be3 Rd8 24. Rb3 Bd4 25. a4 Rd6 26. a5 bxa5 27. Bxd4 Rxd4 28. Ra1 Rb7 $1 {[%cal Rb7b3]} 29. Rba3 Rbd7 30. Rc3 e5 {Accuracy: White = 81%, Black = 75%.} 1/2-1/2

[Event "IND-ch Senior Open 2019"]
[Site "Mazitar"]
[Date "2019.12.19"]
[Round "11.3"]
[White "Visakh N R"]
[Black "Vaibhav, Suri"]
[Result "1/2-1/2"]
[WhiteElo "2516"]
[BlackElo "2597"]
[Annotator "TA"]
[PlyCount "93"]
[EventDate "2018.12.08"]
[EventType "swiss"]
[EventCountry "IND"]
[SourceTitle "playchess.com"]
[Source "ChessBase"]
[SourceQuality "1"]

{[%evp 14,93,12,12,16,14,14,20,14,14,11,3,17,14,12,12,11,12,13,0,8,6,15,4,25,16,20,23,23,10,53,48,50,12,12,8,8,8,10,6,5,-29,41,0,-7,-8,10,11,20,25,51,0,0,0,0,0,21,35,33,37,41,8,30,20,20,0,24,0,0,0,0,0,0,0,0,0,8,8,8,8,8,8]} 1. d4 Nf6 2. c4 e6 3. Nf3 d5 4. Nc3 Bb4 5. Bg5 h6 6. Bxf6 Qxf6 7. Qa4+ Nc6 8. e3 O-O {D38: Queen's Gambit Declined: Ragozin Defence (4 Nf3 Bb4)} 9. Rc1 Qg6 (9... Rd8 10. Be2 dxc4 11. Bxc4 Bxc3+ 12. bxc3 Bd7 13. Be2 e5 14. Qc2 Bf5 15. Qb2 e4 16. Nd2 {1-0 (47) Ding,L (2805)-Giri,A (2779) Saint Louis 2019}) 10. Qc2 Qxc2 11. Rxc2 Rd8 12. a3 Bf8 13. Nb5 Bd7 14. cxd5 exd5 15. Bd3 Rac8 16. Ke2 a6 $146 17. Nc3 Be8 18. Rhc1 Na7 19. g4 Rb8 20. h4 g6 21. Ne5 b6 22. Bxa6 c5 23. Rd2 {Hoping for dxc5.} cxd4 24. Rxd4 ({Reject} 24. exd4 b5 $17) 24... Bg7 $1 {[%cal Rg7e5]} 25. f4 Nc6 26. Nxc6 Bxc6 27. Rd2 d4 ({Black should try} 27... b5 $11) 28. Nd1 (28. Nb5 $5 {[%cal Rc1c6]} Bd7 29. Nxd4 $14) 28... Bd7 29. Nf2 b5 30. Rc7 Rb6 31. Bb7 b4 {[#] And now ...Bb5+ would win.} 32. e4 ({Better is} 32. a4 $1 $14) 32... bxa3 $11 33. bxa3 Rb3 34. Bd5 Rxa3 35. Rd3 Rc3 36. Rdxc3 dxc3 37. Ke3 Kf8 38. e5 g5 $1 39. Ne4 c2 {[#] White must now prevent ...gxf4+.} 40. hxg5 Rc8 $1 {[%cal Rc8c7] The position is equal.} 41. Rxc8+ Bxc8 {[%mdl 4096] Endgame KBB-KBN} 42. Kd2 {gxh6 is the strong threat.} Bxg4 43. Kxc2 Bf5 44. Kd2 Bxe4 45. Bxe4 hxg5 46. fxg5 Bxe5 47. Ke3 {Accuracy: White = 59%, Black = 56%.} 1/2-1/2

[Event "IND-ch Senior Open 2019"]
[Site "Mazitar"]
[Date "2019.12.19"]
[Round "11.4"]
[White "Chanda, Sandipan"]
[Black "Ravi, Teja S."]
[Result "0-1"]
[WhiteElo "2545"]
[BlackElo "2455"]
[Annotator "TA"]
[PlyCount "28"]
[EventDate "2018.12.08"]
[EventType "swiss"]
[EventCountry "IND"]
[SourceTitle "playchess.com"]
[Source "ChessBase"]
[SourceQuality "1"]

{[%evp 11,12,12,4]} 1. d4 d5 2. Nf3 Nf6 3. Bf4 c5 4. e3 Nc6 5. Nbd2 Bg4 6. c3 e6 {[%mdl 32768] Loss on time!?} {Predecessor:} 7. Qa4 $146 Nd7 8. Ne5 Ndxe5 9. Bxe5 cxd4 10. Bb5 dxe3 11. Bxc6+ bxc6 12. Qxc6+ Ke7 13. fxe3 f6 14. O-O Kf7 {½-½ (36) Sjugirov,S (2667)-Sakaev,K (2584) Yaroslavl 2019} 0-1